Một số nguyên lý và kỹ thuật ứng dụng trong nuôi trồng thủy sản

Saved in:
Bibliographic Details
Main Author: Trương, Quốc Phú
Format: Book
Language:Undetermined
Published: Hà Nội Nông nghiệp 2013
Subjects:
Tags: Add Tag
No Tags, Be the first to tag this record!
Institutions: Trung tâm Học liệu Trường Đại học Cần Thơ
LEADER 00638nam a2200181Ia 4500
001 CTU_186038
008 210402s9999 xx 000 0 und d
082 |a 639.8 
082 |b Ph500/Q.2 
100 |a Trương, Quốc Phú 
245 0 |a Một số nguyên lý và kỹ thuật ứng dụng trong nuôi trồng thủy sản 
245 0 |c Trương Quốc Phú (chủ biên) 
260 |a Hà Nội 
260 |b Nông nghiệp 
260 |c 2013 
650 |a Fish culture,Aquaculture,Nghề nuôi trồng thủy sản 
910 |a Nguyên 
980 |a Trung tâm Học liệu Trường Đại học Cần Thơ